UM Logo

An evaluation of social learning and learner outcomes in a massive open online course (MOOC) : (Record no. 18283)

MARC details
000 -LEADER
fixed length control field 01065nam a22002417a 4500
003 - CONTROL NUMBER IDENTIFIER
control field OSt
005 - DATE AND TIME OF LATEST TRANSACTION
control field 20260227104809.0
008 - FIXED-LENGTH DATA ELEMENTS--GENERAL INFORMATION
fixed length control field 231002b ||||| |||| 00| 0 eng d
040 ## - CATALOGING SOURCE
Transcribing agency 0
082 ## - DEWEY DECIMAL CLASSIFICATION NUMBER
Classification number DPer 658.3005 H880 February-November 2020 v. 23 n. 1-5
100 ## - MAIN ENTRY--PERSONAL NAME
Personal name Anderson, Valerie.
Relator term author.
9 (RLIN) 49392
245 ## - TITLE STATEMENT
Title An evaluation of social learning and learner outcomes in a massive open online course (MOOC) :
Remainder of title a healthcare sector case study /
Statement of responsibility, etc. Valerie Anderson, Jonny Gifford, and Janet Wildman.
260 ## - PUBLICATION, DISTRIBUTION, ETC. (IMPRINT)
Place of publication, distribution, etc. United Kingdom ;
Name of publisher, distributor, etc. Taylor & Francis Group ,
Date of publication, distribution, etc. June 2020.
300 ## - PHYSICAL DESCRIPTION
Extent Volume 23, pages 208-237 :
Other physical details illustration ;
Dimensions 25 cm.
500 ## - GENERAL NOTE
General note Human Resource Development International Enhancing, performance, learning and integrity, vol. 23, no. 3, pages 208-237, June 2020.
650 ## - SUBJECT ADDED ENTRY--TOPICAL TERM
Topical term or geographic name as entry element Work environment.
9 (RLIN) 49393
650 ## - SUBJECT ADDED ENTRY--TOPICAL TERM
Topical term or geographic name as entry element Technology.
9 (RLIN) 49394
650 ## - SUBJECT ADDED ENTRY--TOPICAL TERM
Topical term or geographic name as entry element Medical care.
9 (RLIN) 49395
700 ## - ADDED ENTRY--PERSONAL NAME
Personal name Anderson, Valerie.
Relator term author.
9 (RLIN) 49392
700 ## - ADDED ENTRY--PERSONAL NAME
Personal name Gifford, Jonny.
Relator term author.
9 (RLIN) 49396
700 ## - ADDED ENTRY--PERSONAL NAME
Personal name Wildman, Janet.
Relator term author.
9 (RLIN) 49397
942 ## - ADDED ENTRY ELEMENTS (KOHA)
Source of classification or shelving scheme Dewey Decimal Classification
Koha item type Periodicals
Holdings
Withdrawn status Lost status Source of classification or shelving scheme Damaged status Not for loan Collection code Home library Current library Date acquired Total Checkouts Full call number Date last seen Price effective from Koha item type Public note
    Dewey Decimal Classification     Periodicals UM Digos College - LIC UM Digos College - LIC 10/02/2023   DPer 658.3005 H880 February-November 2020 v. 23 n. 1-5 10/02/2023 10/02/2023 Periodicals Periodical Article